000 00259nam a2200133Ia 4500
100 _aFANUC Ltd
942 _cBK
654 _aFANUC
245 _aFANUC Series.0
260 _bFANUC Ltd
_c1988
082 _a670.285
_bFANUC
546 _aENGLISH
999 _c20517
_d20517